Introduction To Continuum Mechanics (Record no. 6450)
[ view plain ]
| 000 -LEADER | |
|---|---|
| fixed length control field | 00294nam a2200121Ia 4500 |
| 008 - FIXED-LENGTH DATA ELEMENTS--GENERAL INFORMATION | |
| fixed length control field | 130729s9999 xx 000 0 und d |
| 082 ## - DEWEY DECIMAL CLASSIFICATION NUMBER | |
| Classification number | 531.01 |
| 082 ## - DEWEY DECIMAL CLASSIFICATION NUMBER | |
| Item number | B3213 |
| 100 ## - MAIN ENTRY--PERSONAL NAME | |
| Personal name | Batra,Romesh C. |
| 9 (RLIN) | 671 |
| 245 ## - TITLE STATEMENT | |
| Title | Introduction To Continuum Mechanics |
| 245 ## - TITLE STATEMENT | |
| Statement of responsibility, etc | Batra,Romesh C. |
| 942 ## - ADDED ENTRY ELEMENTS (KOHA) | |
| Item type | Book |
No items available.